| 000 | 01546nam a2200349 a 4500 | ||
|---|---|---|---|
| 003 | CO-ViMGA | ||
| 005 | 20230915233131.0 | ||
| 008 | 110519s2010 ck gr 00010 spa d | ||
| 020 | _a9789588293653 (obra completa) | ||
| 020 | _a9789588293660 (volumen 1) | ||
| 020 | _a9789588293677 (volumen 2) | ||
| 040 |
_aCO-ViMGA _bspa _cCO-ViMGA |
||
| 043 | _ack | ||
| 090 | _aN WESE | ||
| 100 | 1 | 0 |
_aWestendorp Restrepo, Edgard _919932 |
| 245 | 1 | 0 |
_aEgon _cEdgard Westendorp ; editores Benjamn̕ Villegas y Leandro Carvajal. |
| 250 | _a1a. edicin̤ | ||
| 260 |
_aBogot _bVillegas Editores _c2010 |
||
| 300 |
_a2 volm͠enes _c23 cm. _e2 plegables |
||
| 500 | _aDonacin̤ Villegas Editores | ||
| 500 | _aIncluye glosarios | ||
| 500 | _aPlegables: Geografa̕ del Mittgard -- Genealoga̕s del Mittgard | ||
| 505 | 0 | _aVolumen 1. Introduccin̤ ; Parte I Egon ; Parte II Enid ; Parte III Dewahara ; Parte IV Windra ; Parte V Riika ; Parte VI Maidi ; Parte VII Varenen ; Parte VIII Eclipse. -- Volumen 2. Parte IX Coronas ; Parte X Garland ; Parte XI Vinland ; Parte XII Mayari ; Parte XIII Justas de Kiruna ; Parte XIV Gisela ; Parte XV Los dos imperios. | |
| 650 | 1 | 4 |
_aGuerra en la literatura _2LEMB _98413 |
| 650 | 1 | 4 |
_aHistorias de aventuras _2LEMB _9837 |
| 650 | 1 | 4 |
_aLiteratura colombiana _ySiglo XX _92515 |
| 650 | 1 | 4 |
_aNovela colombiana _2LEMB _ySiglo XX _92514 |
| 650 | 1 | 4 |
_aNovela fants̀tica colombiana _2LEMB _922526 |
| 700 | 1 | 0 |
_aBenjamn̕, Villegas _eeditor _922527 |
| 700 | 1 | 0 |
_aCarvajal, Leandro _eeditor _922528 |
| 942 |
_2ddc _cBK |
||
| 999 |
_c9578 _d9578 |
||